|
|
|
|
| LEADER |
000000000a22000000004500 |
| 001 |
013881 |
| 020 |
|
|
|a 0860913740
|
| 041 |
0 |
|
|a eng
|
| 082 |
0 |
4 |
|a 070.1
|b C969w
|
| 100 |
1 |
|
|a Cumings, Bruce,
|d 1943-
|
| 245 |
1 |
0 |
|a War and television /
|c Bruce Cumings.
|
| 260 |
|
1 |
|a Londres ; New York :
|b Verso,
|c 1992.
|
| 300 |
|
|
|a viii, 309 páginas, [8] láminas :
|b ilustraciones ;
|c 25 cm.
|
| 650 |
|
4 |
|a COREA
|
| 650 |
|
4 |
|a LA GUERRA DESCONOCIDA
|
| 650 |
|
4 |
|a PROGRAMA DE TELEVISION
|
| 650 |
|
4 |
|a GUERRA DE COREA
|
| 650 |
|
4 |
|a 1950-1953
|
| 650 |
|
4 |
|a TELEVISION Y LA GUERRA
|
| 650 |
|
4 |
|a RADIODIFUSION TELEVISIVA DE NOTICIA
|
| 500 |
|
|
|a Colección George Yúdice
|
| 999 |
|
|
|c 19792
|d 19792
|
| 942 |
|
|
|c BK
|h 070.1 C969w
|2 z
|